Normal view
MARC view
- Higiene
Entry Materia
001 - NÚMERO DE CONTROL DEL REGISTRO
- campo de control: 19753
003 - IDENTIFICADOR DE NUMERO DE CONTROL
- campo de control: MX-MxUPN
005 - FECHA Y HORA DE LA ÚLTIMA TRANSACCIÓN
- campo de control: 20240319114831.0
008 - DATOS DE LONGITUD FIJA
- campo de control de longitud fija: 240319nn fnnnnbabb n ana |d
035 ## - NÚMERO DE CONTROL DEL SISTEMA
- Número de control del sistema: UPN10000019762
040 ## - FUENTE DE LA CATALOGACIÓN
- Lengua de catalogación: spa
- Centro catalogador de origen: MX-MxUPN
150 ## - ENCABEZAMIENTO - TEMÁTICO
- Término de materia o nombre geográfico como elemento inicial: Higiene
- Subdivisión de forma: Literatura infantil
670 ## - FUENTE EN LA QUE SE LOCALIZARON DATOS
- Cita de la fuente: Autoridades BGTQ, 19 marzo 2024 :
- Información localizada: (Higiene -- Literatura infantil)
902 ## - CATALOGADOR
- Catalogador: CAA/241111
- Catalogador: VíctorGodínez/190324
